ยินดีต้อนรับสู่ห้องสมุด วิทยาลัยพยาบาลบรมราชชนนี สุรินทร์
เปลี่ยนเป็นภาษาไทย

Change to English

หน้าหลัก เกี่ยวกับห้องสมุด โครงสร้างผู้บริหาร  คู่มือเอกสาร  บริการยืมคืนหนังสือ ค้นหาหนังสือ BASIC

 
 แสดงรายละเอียดบรรณานุกรม
  กลับหน้าหลัก

Brief Record : Get Marc (ISO 2709) : E-mail record : QR code ปิดหน้าต่าง
หนังสือใหม่ รายชื่อวารสาร ทรัพยากรประกอบหลักสูตร : เกี่ยวกับ Collections
LEADER 01174nam 2200277 a 4500
001    12334105407
003     ULIB
008    030417s2551 th a sb 001 0 tha
020    ^a9744820357
060  4 ^aWE304^bส241น 2551
100 0  ^aสมชาย เอื้อรัตนวงศ์
245 10 ^aแนวทางการดูแลผู้ป่วยโรคข้อ =^bApproach to joint disease patient /^cสมชาย เอื้อรัตนวงศ์
246 30 ^aApproach to joint disease patient
250    ^aพิมพ์ครั้งที่ 3
260    ^aกรุงเทพฯ :^bเรือนแก้วการพิมพ์,^c2551
300    ^a402 หน้า :^bภาพประกอบ
650  7 ^aกระดูกและข้ออักเสบ
650  7 ^aข้อ, โรค
650  7 ^aข้อ, โรค^xการรักษา
650  7 ^aรูมาติสม
913    ^aImported by ULIBM Administrator
949    ^aImport form external file by ULIBM system
999     ^aสุณิสา
รายการนี้ยังไม่มีแท็ก
คุณยังไม่ได้ล็อกอิน คุณสามารถมีกิจกรรมร่วมกับเว็บไซต์ได้ แต่ต้องล็อกอินก่อน ::
  ล็อกอิน
ลำดับที่ ประเภท เลขเรียก/บาร์โค้ด สถานที่ สถานะ
1. ตำราวิทยาศาสตร์สุขภาพ
ตำราวิทยาศาสตร์สุขภาพ
WE304 ส241น 2551 ฉ.4 
  Barcode: 10022039
ห้องสมุด วพบ.สุรินทร์
►ชั้นหนังสือเก่าปีพิมพ์เกิน 10 ปี
บนชั้น
2. ตำราวิทยาศาสตร์สุขภาพ
ตำราวิทยาศาสตร์สุขภาพ
WE304 ส241น 2551 ฉ.6 
  Barcode: 10023417
ห้องสมุด วพบ.สุรินทร์
►ชั้นหนังสือเก่าปีพิมพ์เกิน 10 ปี
บนชั้น
   [แสดง 2/2 รายการ]

รายการใกล้เคียง
    ผู้แต่ง [สมชาย เอื้อรัตนวงศ์]

    หัวเรื่อง [กระดูกและข้ออักเสบ]
    หัวเรื่อง [ข้อ, โรค]
    หัวเรื่อง [รูมาติสม]

BibComment


ยังไม่เคยถูกคอมเมนท์

คอมเมนท์ทรัพยากรรายการนี้
  คอมเมนท์: แนวทางการดูแลผู้..
Bib 12334105407

 
 
 

 Union Library Management : ULibM
Copyright 2026. ULIBM